01342nam a22001217a 450000500170000000800410001704000100005811000080006824501570007630000140023352008640024765301090111120160609165209.0091117t xxu||||| |||| 00| 0 eng d cBIDOC aFAO aDirectives pour les campagnes acoustiques dans la région de l'Afrique du Nord-Ouestb= Guidelines for acoustic surveys in the northwest african region ax - 49 p. aCe manuel a pour but de présenter des directives pour une approche harmonisée dans la conduite des campagnes acoustiques dans la région de l'Afrique du Nord-Ouest. Cependant, il pourrait également être utile pour les autres régions ayant des caractéristiques environnementales et les ressources marines similaires. Les principes décrits ont été largement adoptés à partir de la stratégie de prospection suivie pendant les campagnes du N/R DR. FRIDTJOF NANSEN. Le manuel couvre des thèmes tels que la conception de la campagne, la calibration de l'équipement hydroacoustique, le paramétrage des instruments, l'identification des échos, l'estimation de la biomasse, l'analyse statistique, le format standard pour le stockage des données, l'échantillonnage environnemental et la présentation des résultats des campagnes. aCampagnes acoustiquesaCalibrationaEquipement hydroacoustiqueaBiomasseaAfriqueaAfrique du Nord-Ouest